书目信息 |
| 题名: |
广州光孝寺
|
|
| 作者: | 程建军 撰文 | |
| 分册: | ||
| 出版信息: | 北京 中国建筑工业出版社 2016.05 |
|
| 页数: | 87页 | |
| 开本: | 21cm | |
| 丛书名: | 中国精致建筑100 | |
| 单 册: | ||
| 中图分类: | TU-098.3 | |
| 科图分类: | ||
| 主题词: | 佛教--寺庙--建筑艺术--广州--图集 | |
| 电子资源: | ||
| ISBN: | 978-7-112-16649-7 | |
| 000 | 00966oam2 2200253 450 | |
| 001 | 0100004134 | |
| 005 | 20190305081815.02 | |
| 010 | @a978-7-112-16649-7@dCNY48.00 | |
| 100 | @a20170301d2016 em y0chiy0110 ea | |
| 101 | 0 | @achi |
| 102 | @aCN@b110000 | |
| 105 | @aab z 000yy | |
| 200 | 1 | @a广州光孝寺@Aguang zhou guang xiao si@f程建军撰文/摄影 |
| 210 | @a北京@c中国建筑工业出版社@d2016.05 | |
| 215 | @a87页@c图,地图@d21cm | |
| 225 | 2 | @a中国精致建筑100@i筑境 |
| 308 | @a丛书5 | |
| 330 | @a本书宣传、介绍了羊城广州年代最古、规模最大,在佛教历史上占有重要的位置,开创了华南建筑史上独有的风格和流派的佛教名刹光孝寺,介绍了它的历史沿革、建筑形制、建筑特色、大雄宝殿的建筑风格及结构、寺院中的铁塔、经幢,以及名人轶事等。 | |
| 410 | 0 | @12001 @a中国精致建筑100@i筑境 |
| 606 | 0 | @a佛教@x寺庙@x建筑艺术@y广州@j图集 |
| 690 | @aTU-098.3@v5 | |
| 701 | 0 | @a程建军@Acheng jian jun@4撰文@4摄影 |
| 801 | 0 | @aCN@c20171024 |
| 905 | @a河南城建学院图书馆@dTU-098.3@eC742 | |
| 广州光孝寺/程建军撰文/摄影.-北京:中国建筑工业出版社,2016.05 |
| 87页:图,地图;21cm.-(中国精致建筑100.筑境) |
| ISBN 978-7-112-16649-7:CNY48.00 |
| 本书宣传、介绍了羊城广州年代最古、规模最大,在佛教历史上占有重要的位置,开创了华南建筑史上独有的风格和流派的佛教名刹光孝寺,介绍了它的历史沿革、建筑形制、建筑特色、大雄宝殿的建筑风格及结构、寺院中的铁塔、经幢,以及名人轶事等。 |
| ● |
| 相关链接 |
|
|
|
正题名:广州光孝寺
索取号:TU-098.3/C742
 
预约/预借
| 序号 | 登录号 | 条形码 | 馆藏地/架位号 | 状态 | 备注 |
| 1 | 1304470 | 213044702 | 建筑库101/101建筑库 9排1列5层/ [索取号:TU-098.3/C742] | 在馆 | |
| 2 | 1338700 | 213387002 | 建筑库101/101建筑库 9排1列5层/ [索取号:TU-098.3/C742] | 在馆 | |
| 3 | 1338701 | 213387011 | 建筑与城市规划学院资料室/101建筑库 108排5列3层/ [索取号:TU-098.3/C742] | 在馆 |